| 000 | 01060nam0a2200277 4500 | ||
|---|---|---|---|
| 001 | RU\NLR\BIBL_A\011149460 | ||
| 005 | 20250625211119.0 | ||
| 010 |
_a978-5-905269-50-9 _9250 |
||
| 021 |
_aRU _b2016-30881 _91995 |
||
| 035 | _a(NLR Aleph) 011149460 | ||
| 090 |
_a11664299 _c11664299 |
||
| 100 | _a20160609d2016 |||y0rusy50 ca | ||
| 101 | 0 | _atat | |
| 102 | _aRU | ||
| 105 | _ay z 000 y | ||
| 200 | 1 |
_aЙөрәктә калган эзләр _eдетектив, публицистика, юмор _fНәдһәт Фәтхиев |
|
| 210 |
_aУфа _cИП Галиуллин Д. А. _d2016 |
||
| 215 |
_a173 б. _d21 |
||
| 541 | 1 |
_6z01790 _aСледы на сердце _eдетектив, публицистика, юмор. _zrus |
|
| 686 | 1 | _aШ6(2=Тат)7 я44 | |
| 700 | 1 |
_aФәтхиев _bН. М. улы _f1934- _gНәдһәт Мөртәиф улы _4070 |
|
| 790 | 1 |
_6z01541 _aФатхиев _bН. М. _f1934- _gНадхат Миртиевич _4070 |
|
| 852 |
_aNLR _bОНЛ _jТатар./3-14756 |
||
| 942 | _cBOOK | ||
| 980 | _aNB | ||